01382nam a2200361 i 450000100060000000300090000600500170001500800410003201500170007303500210009004000280011104100130013904600090015208000130016108000090017424501230018324600740030626000560038030000260043633600270046233700540048933800280054338000160057138800140058738800140060150001470061565000160076265500290077865800310080770000340083870000500087285600980092213675KOSZ 00520230213105603.0070720s1970 pl |100 0 pol  aPB 1970/6650 a(OCoLC)749861938 aWA NcWA NdKOSZ 005/HR1 apolhrus k1970 a711.4/.8 a(06)00aSpołeczne przesłanki kształtowania miasta przyszłości /c[tł. z ros. Jerzy Pakulski] ; posł. J. Ziółkowski.1 iTyt. oryg.:aSocial'nye predposylki formirovaniâ goroda buduŝevo. aWarszawa :bPaństwowe Wydawnictwo Naukowe,c1970. a275, [1] s. ;c18 cm. 2rdacontentaTekstbtxt 2rdamediaaBez urządzenia pośredniczącegobn 2rdacarrieraWoluminbnc aKsiążki a1901-2000 a1945-1989 aMateriały z konferencji zorganizowanej przez Naučno-Issledovatelskij Instytut Teorii Istorii i Perspektivnyh Prolem Sovietskoj Arhitektury. 4aUrbanistyka 4aMateriały konferencyjne aArchitektura i budownictwo1 aPakulski, JerzyeTłumaczenie1 aZiółkowski, Januszd(1924-2000)ePosłowie uhttp://koha.tu.koszalin.pl/cgi-bin/koha/opac-detail.pl?biblionumber=13675yKatalog online BPK